000 01197cam a2200349 a 4500
001 15616744
003 OSt
005 20160404115043.0
008 090209s2010 at a b 001 0 eng
010 _a 2009922603
020 _a9780324658040 (student ed. with CD)
020 _a9789814314343
020 _a0324658044 (student ed. with CD)
020 _a9780324663723 (student ed.)
020 _a0324663722 (student ed.)
040 _aDLC
_cDLC
_dDLC
050 0 0 _aHF 5567
_b.G745 2011
100 1 _aGramling, Audrey A.
245 1 0 _aAuditing :
_ba business risk approach /
_cAudrey A. Gramling, Larry E. Rittenberg, Karla M. Johnstone.
250 _a7th edition.
260 _aAustralia ;
_aMason, Ohio :
_bSouth-Western Cengage Learning,
_c2011.
300 _axviii, 942 pages :
_billustrations ;
_c29 cm.
500 _aIncludes bibliographical references and index.
650 0 _aAuditing.
700 1 _aJohnstone, Karla M.
700 1 _aGramling, Audrey A.
906 _a0
_bibc
_corigcop
_d3
_encip
_f20
_gy-gencatlg
942 _2lcc
_cBK
_kFOR
999 _c15557
_d15557